000 00547pab a2200193 454500
008 180718b2009 xxu||||| |||| 00| 0 eng d
100 _aIslam, Mahnaz
245 _aEvidence of intrahousehold flypaper effects from a nutrition intervention in rural Guatemala
260 _c2009
300 _ap.215-38.
362 _aJan
650 _aMalnutrition - Guatemala
650 _aNutrition - Guatemala
650 _aNutrition
700 _aHoddinott, John
773 _aEconomic Development and Cultural Change
908 _aN
909 _a82350
999 _c82350
_d82350